000 00869nam a2200253Ia 4500
001 18139
003 GE_BSU
008 181216s||||||||xx |||||||||||||| ||und||
040 _cGE_BSU
080 _a821.353.1.09
100 _aჭუმბურიძე, ზურაბ
245 _aმადლი დედაენისა
245 _bლიტ. წერილები
245 _cრედ:დ.კემულარია;მხატვ.კ.თევზაძე
260 _aთბილისი
260 _bსაბჭ. საქართველო
260 _c1982
300 _a335გვ. 20სმ..
541 _h8ლ.
653 _aბალავარი მწერლობისა
653 _aილია და ქართული ენა
653 _aმადლი დედაენისა
942 _cBK
999 _c51180
_d51180